Tracking montážnej linky

Na minha lista:
Detalhes bibliográficos
Autor principal: Herda, Jakub (Author)
Outros Autores: Majerník, Tomáš (Thesis advisor)
Formato: Manuscrito Livro
Idioma:eslovaco
Publicado em: 2017
Assuntos:
Acesso em linha:http://is.stuba.sk/zp/portal_zp.pl?podrobnosti=127090
Tags: Adicionar Tag
Sem tags, seja o primeiro a adicionar uma tag!

MARC

LEADER 00000ntm a22000003a 4500
001 stuzp61093
003 SK-STU
005 20170610210412.1
007 ta
008 150427s2015----xo-----f-mn---000-0-slo-d
040 |a STU  |b slo 
041 0 |a slo 
100 1 |a Herda, Jakub  |u 066000  |k Z4  |4 aut  |U MTF Materiálovotechnologická fakulta  |T MTF Ústav aplikovanej informatiky, automatizácie a mechatroniky  |X 8260  |U M6000  |Y 86  |7 8260 
242 0 1 |a Tracking of assembly line  |y eng 
245 1 0 |a Tracking montážnej linky 
260 |c 2017 
650 4 |a Zber dát  |2 slo 
650 4 |a Sledovateľnosť  |2 slo 
650 4 |a Vizualizácia  |2 slo 
650 4 |a Traceability  |2 eng 
650 4 |a Data Collection  |2 eng 
650 4 |a Visualization  |2 eng 
700 1 |a Majerník, Tomáš  |4 ths  |X 57012  |7 A000057012 
856 4 |u http://is.stuba.sk/zp/portal_zp.pl?podrobnosti=127090 
996 |c M* DP-13328  |l MMSKP  |s P  |a 0  |w stuzp61093_0001